00637nam a22001097a 4500040000800000082002700008100001600035245033800051260002600389300002500415856008700440 cRUA aAVM HUN 2013 B109 Or.1 aHUN, SOKHA. aDigestibility of goats by using silage of mulato II grass at royal university of agriculture, លទ្ធភាពរំលាយអាហាររបស់ពពែដោយប្រើប្រាស់ស្មៅ MULATO II ផ្អាប់នៅសាកលវីទ្យាល័យភូមិន្ទកសិកម្ម aPhnom PenhbRUAc2013 ax; 44p.bill.c29cm. uhttps://drive.google.com/file/d/1W7WeUxOI5s0zK2g84B8h5AAIaAi9tt0L/view?usp=sharing